Ukraine and the OECD Countries - Can Ukraine Catch Up by 2050?
Skúmanie, či Ukrajina dokáže dosiahnuť životnú úroveň členských krajín OECD na základe minulých úrovní HDP p. c. a s použitím zloženého úroku do roku 2050.
Salvato in:
| Autore principale: | |
|---|---|
| Natura: | Capitolo di libro |
| Lingua: | inglese |
| Soggetti: | |
| Tags: |
Nessun Tag, puoi essere il primo ad aggiungerne!!
|
MARC
| LEADER | 00000naa a2200000 4500 | ||
|---|---|---|---|
| 001 | 0280003 | ||
| 005 | 20240502083851.9 | ||
| 041 | 0 | |a eng | |
| 044 | |a UA | ||
| 245 | 1 | 0 | |a Ukraine and the OECD Countries - Can Ukraine Catch Up by 2050? |c Martin Grešš |
| 520 | |a Skúmanie, či Ukrajina dokáže dosiahnuť životnú úroveň členských krajín OECD na základe minulých úrovní HDP p. c. a s použitím zloženého úroku do roku 2050. | ||
| 610 | 2 | 0 | |a Ukrajina |
| 610 | 2 | 0 | |a OECD |
| 610 | 2 | 0 | |a produkt národný hrubý |
| 610 | 2 | 0 | |a úroveň životná |
| 100 | 1 | |a Grešš, Martin, 1978- | |